| 000 | 00584nam a2200205Ia 4500 | ||
|---|---|---|---|
| 001 | 52123 | ||
| 008 | 140503s9999 xx 000 0 und d | ||
| 020 | _a9780415999205 | ||
| 040 | _cPK-LaUMT | ||
| 082 |
_aR 320.01 _bGOV- |
||
| 100 | _aBrockling, Ulrich | ||
| 245 |
_aGovernmentality _bcurrent issues and future challenges _cBrockling, Ulrich<>Krasmann, Susanne<>Lemke, Thomas |
||
| 260 |
_aLondon,UK: _bRoutledge, _c2011 |
||
| 300 | _a331 p. | ||
| 546 | _aEN | ||
| 650 | _aPolitical science-Philosophy | ||
| 700 | _aKrasmann, Susanne | ||
| 700 | _aLemke, Thomas | ||
| 942 | _cBK | ||
| 999 |
_c49589 _d49589 |
||